000 00727nam a2200241 a 4500
001 70633
003 BD-RjUL
005 20211209082025.0
008 170418s1962 nyua 001 0 eng
035 _a(BD-RjUL)70847
040 _aDLC/ICU
_cICU
_dBD-RjUL
_beng
041 _aeng
082 0 0 _a546
_223
_bDUI 1962
100 1 _aDurrant, Philip John.
_9209062
245 1 0 _aIntroduction to advanced inorganic chemistry /
_cPhilip John Durrant and Beryl Durrant.
260 _aNew York :
_bWiley,
_cc1962.
300 _aviii, 1171 p. :
_bill. ;
_c26 cm.
500 _aIncludes index
650 0 _aChemistry, Inorganic.
_9117207
700 1 _aDurrant, Beryl,
_ejoint author.
_9209063
942 _2ddc
_cBK
999 _c70633
_d70633